000 00606nam a2200193Ii 4500
003 JO-AjNU
008 230605s9999||||xx |||||||||||||| ||und||
040 _aJO-AjNU
_bara
_erda
_cJO-AjNU
041 _aara
050 1 4 _aNC590.M8242
100 3 _a تأليف حميد، موفق,
_eauthor
_936283
245 0 0 _aكيف نرسم
264 3 1 _aبيروت:المكتبة الحديثة للطباعة والنشر
300 _a80ص
336 _atext
_btxt
_2rdacontent
337 _aunmediated
_bn
_2rdamedia
338 _avolume
_bnc
_2rdacarrier
650 4 _aالرسم-كيف نرسم-فنون
_936284
999 _aA15060
_c18628
_d18628